Štátny fond rozvoja bývania - novela zákona
Štátny fond rozvoja bývania v právnych úpravách. Postavenie a pôsobnosť fondu. Stupne riadenia fondu. Rada fondu. Najnovšia novela zákona (schválená 7.9.2017) nadobudne účinnosť 1.1.2018. Najdôležitejšie zmeny.
Salvato in:
| Autore principale: | |
|---|---|
| Natura: | Capitolo di libro |
| Lingua: | slovacco |
| Soggetti: | |
| Tags: |
Nessun Tag, puoi essere il primo ad aggiungerne!!
|
MARC
| LEADER | 00000naa a2200000 4500 | ||
|---|---|---|---|
| 001 | 0236519 | ||
| 005 | 20171013130701.5 | ||
| 041 | 0 | |a slo | |
| 044 | |a SK | ||
| 245 | 1 | 0 | |a Štátny fond rozvoja bývania - novela zákona |c Mariana Matulková |
| 520 | |a Štátny fond rozvoja bývania v právnych úpravách. Postavenie a pôsobnosť fondu. Stupne riadenia fondu. Rada fondu. Najnovšia novela zákona (schválená 7.9.2017) nadobudne účinnosť 1.1.2018. Najdôležitejšie zmeny. | ||
| 610 | 2 | 0 | |a fondy štátne |
| 610 | 2 | 0 | |a fond rozvoja bývania |
| 610 | 2 | 0 | |a úpravy právne |
| 610 | 2 | 0 | |a novelizácia |
| 100 | 1 | |a Matulková, Mariana | |